| 000 | 00857nam a22002417a 4500 | ||
|---|---|---|---|
| 999 |
_c314691 _d314691 |
||
| 001 | 28326 | ||
| 003 | UA-OsUOA | ||
| 005 | 20200322180139.0 | ||
| 007 | ta | ||
| 008 | 20050316b un ||||| |||| 00| 0 ukr d | ||
| 020 | _a9668487214 | ||
| 040 |
_aUA-OsUOA _bukr _cUA-OsUOA _dUA-OsUOA |
||
| 041 | _aukr | ||
| 044 | _aUA | ||
| 080 | _a338.24(67) | ||
| 090 |
_a338.24(67) _bК68 |
||
| 245 |
_aКорпоративне управління та фінансовий менеджмент _cупоряд. О. І. Сидоренко, П. С. Редько _bметодичні вказівки до ситуаційних вправ |
||
| 260 |
_aК. _bНавч.-метод. центр "Консорціум із удоскон. менеджмент-освіти в Україні" _c2004 |
||
| 300 | _a166 с. | ||
| 650 | 7 | _2UDC | |
| 942 |
_cBK _2udc |
||
| 955 | _a0 | ||